MARC

LEADER 00000nas a2200000 i 4500
001 ssj0001574798
003 WaSeSS
005 20200512172242.0
006 m d
007 cr n
008 150914c20159999nyuqn p s | a0eng
010 |a  2015203352 
022 |l 2380-8659  |y 2380-8659 
032 |a 265140  |b USPS 
035 |a (WaSeSS)ssj0001574798 
037 |b Scholastic Inc., PO Box 713, New York, NY 10013 
040 |a DLC  |b eng  |c DLC  |d DLC  |d OCP  |d WAU  |d OCLCO  |d GUA  |d DLC  |d UPM  |d OPW  |d MUU  |d ORZ  |d CUS  |d GO6  |d IBI  |d OCLCF  |d MDS  |d OCLCO  |d DLC  |d OCLCQ  |d OCL  |d OCLCO  |d CGU  |d IUL  |d DLC  |d OCL  |d UPM  |d JDP  |d WaSeSS 
042 |a pcc  |a nsdp 
050 0 0 |a LB1592  |b .I59 
082 0 0 |a 372  |2 23 
130 0 |a Scholastic teacher (2015) 
222 0 |a Scholastic teacher  |b (2015) 
245 1 0 |a Scholastic teacher  |h [electronic resource]. 
246 1 |a Teacher 
260 |a New York, NY :  |b Scholastic Inc.,  |c 2015- 
310 |a Four issues a year,  |b Back to school 2017- 
321 |a Six issues a year,  |b -Anniversary 2016 
321 |a Five issues a year,  |b winter 2017-summer 2017 
362 1 |a Began with: Volume 125, number 2 (fall 2015). 
506 |a License restrictions may limit access. 
588 |a Description based on: Volume 125, number 2 (fall 2015); title from cover. 
588 |a Latest issue consulted: Volume 127, number 3 (spring 2018). 
650 0 |a Education, Primary  |x Activity programs  |v Periodicals. 
650 0 |a Education, Elementary  |x Activity programs  |v Periodicals. 
650 0 |a Activity programs in education  |v Periodicals. 
650 0 |a Creative activities and seat work  |v Periodicals. 
650 7 |a Activity programs in education.  |2 fast  |0 (OCoLC)fst00796290 
650 7 |a Creative activities and seat work.  |2 fast  |0 (OCoLC)fst00882463 
650 7 |a Education, Elementary  |x Activity programs.  |2 fast  |0 (OCoLC)fst00902947 
650 7 |a Education, Primary  |x Activity programs.  |2 fast  |0 (OCoLC)fst00903205 
655 0 |a Electronic journals. 
780 0 0 |t Instructor (New York, N.Y. : 1999)  |x 1532-0200  |w (DLC)sn 99050030  |w (OCoLC)41316537 
850 |a DLC 
856 4 0 |z Full text available from Research Library: Fall 2015 to present  |u https://search.proquest.com/publication/46605